U.S. States With the Most People When They Were Admitted - Statistics

General Stats
  • This quiz has been taken 215 times
  • The average score is 10 of 12
Answer Stats
Data Admitted Population U.S. State % Correct
1788 340,120 New York
95%
1788 691,937 Virginia
89%
1959 632,772 Hawaii
87%
1788 378,787 Massachusetts
86%
1787 434,373 Pennsylvania
85%
1889 357,232 Washington
84%
1907 1,657,155 Oklahoma
83%
1912 360,350 New Mexico
80%
1789 393,751 North Carolina
79%
1861 364,399 Kansas
72%
1863 442,014 West Virginia
68%
1889 348,600 South Dakota
42%
No matching quizzes found
Score Distribution
Percent of People with Each Score
Percentile by Number Answered
Your Score History
You have not taken this quiz